<?xml version="1.0" encoding="UTF-8"?>
<collection xmlns="http://www.loc.gov/MARC21/slim">
 <record>
  <leader>00509pamaa2200169   4500</leader>
  <controlfield tag="001">0000046633</controlfield>
  <controlfield tag="005">20111229090000.0</controlfield>
  <controlfield tag="008">111229                             eng  </controlfield>
  <datafield tag="090" ind1="0" ind2="0">
   <subfield code="a">KD7869 </subfield>
   <subfield code="b">STO 2010</subfield>
  </datafield>
  <datafield tag="100" ind1="1" ind2="0">
   <subfield code="a">Martin </subfield>
  </datafield>
  <datafield tag="245" ind1="1" ind2="0">
   <subfield code="a">Unlocking criminal law  </subfield>
   <subfield code="c">Jacqueline Martin, Tony Storey.</subfield>
  </datafield>
  <datafield tag="250" ind1="0" ind2="0">
   <subfield code="a">3rd ed.</subfield>
  </datafield>
  <datafield tag="260" ind1="0" ind2="0">
   <subfield code="a">Abingdon, Oxon: </subfield>
   <subfield code="b">Hodder Education, </subfield>
   <subfield code="c">2010.</subfield>
  </datafield>
  <datafield tag="300" ind1=" " ind2=" ">
   <subfield code="a">xxxvi, 500p: </subfield>
   <subfield code="b">ill.; </subfield>
   <subfield code="c">24 cm.</subfield>
  </datafield>
  <datafield tag="650" ind1="0" ind2="0">
   <subfield code="a">Criminal law -- </subfield>
   <subfield code="x">England </subfield>
  </datafield>
  <datafield tag="700" ind1="1" ind2="1">
   <subfield code="a">Storey, </subfield>
   <subfield code="h">Tony </subfield>
  </datafield>
  <datafield tag="901" ind1=" " ind2=" ">
   <subfield code="u">www.hodderducation.co.uk</subfield>
  </datafield>
 </record>
</collection>
